00642nam a2200181 a 450000100100000000500170001000800410002704000250006810000280009324500380012126000390015930000290019849000170022750000700024483000240031495201050033899900170044300003847820201002031255.0130412s19uu dr a 000 0 spa d aDO-SdBNPbspacBNPHU1 aCompres, Luis J.96482313aLa zoología /cLuis J. Compres. aSanto Domingo :bSaturno,c[19-?]. a226 p. :bils. ;c22 cm.1 aI.A.Svno. 3 aIncluye datos biográficos del autor en la solapa de la cubierta 0aI.A.Snno. 3964824 0010718PDaPDbPDcCTd2013-04-12iLF1l0o p38478-10r2020-06-25w2020-06-25yLFPDZNo se presta c37968d37968